Word Scramble : African Countries Capital City - Statistics

General Stats
  • This quiz has been taken 23 times
  • The average score is 39 of 54
Answer Stats
Hint Answer Country % Correct
ACCAR Accra Ghana
89%
SEGALIR Algiers Algeria
89%
ISSBAU Bissau Guniea Bissau
89%
OCRAI Cairo Egypt
89%
BITDJIOUI Djibouti Djibouti
89%
SINKHASA Kinshasa Democratic Republic of Congo
89%
JABUA Abuja Nigeria
84%
RADAK Dakar Senegal
84%
POROT NOOV Porto Novo Benin
84%
ATBAR Rabat Morocco
84%
USITN Tunis Tunisia
84%
ADADISBABA Addis Ababa Ethiopia
79%
UJAB Juba South Sudan
79%
AKALAMP Kampala Uganda
79%
MOLE Lome Togo
79%
AULDAN Luanda Angola
79%
IOBARIN Nairobi Kenya
79%
RTOP SUILO Port Louis Mauritius
79%
RIPRETOA Pretoria South Africa
79%
OSA MOTE Sao Tome Sao Tome and Principe
79%
VANRANINTAOA Antananarivo Madagascar
74%
RAMSAA Asmara Eritrea
74%
EVILLABRAZZ Brazzaville Congo
74%
CARNOKY Conakry Guinea
74%
ROWNFEET Freetown Sierra Leone
74%
HEARAR Harare Zimbabwe
74%
EVILLIBER Libreville Gabon
74%
USALAK Lusaka Zambia
74%
OILTRIP Tripoli Libya
74%
MAKBOA Bamako Mali
68%
JABNUL Banjul Gambia
68%
RAMKHOUT Khartoum Sudan
68%
TAPMUO Maputo Mozambique
68%
BAMBANE Mbabane Eswatini
68%
HUMAISDOG Mogadishu Somalia
68%
NAVIROOM Monrovia Liberia
68%
TORVCIIA Victoria Seychelles
68%
HOEINWDK WIndhoek Namibia
68%
UONEDAY Yaounde Cameroon
68%
MADDOO Dodoma Tanzania
63%
GITAGE Gitega Burundi
63%
ALIIKG Kigali Rwanda
63%
BOALAM Malabo Equatorial Guinea
63%
NOMROI Moroni Comoros
63%
UUUDOGGOOA Ouagadougou Burkina Faso
63%
APAIR Praia Cabo Verde
63%
UINBAG Bangui Central African Republic
58%
BARGONEO Gaborone Botswana
58%
EMANIY Niamey Niger
58%
SOOURYAMSOUK Yamoussoukro Ivory Coast
58%
GOINWELL Lilongwe Malawi
53%
UEMARS Maseru Lesotho
53%
NAMEJAND N'djamena Chad
53%
NOCHATTOUK Nouakchott Mauritania
53%
No matching quizzes found
Score Distribution
Percent of People with Each Score
Percentile by Number Answered
Your Score History
You have not taken this quiz